000 00739nam a2200241 i 4500
001 bg
100 1 _aAMIGÓ, J. M.
245 1 0 _aA conceptual guide to chaos theory /
_cJ. M. Amigo, J. Szczepański.
260 _aWarszawa :
_bIPPT,
_c1999.
300 _a43 s. ;
_c21 cm.
490 1 _aPrace Instytutu Podstawowych Problemów Techniki PAN,
_x0208-5658 ;
_v9/1999
500 _aBibliogr. s. 43.
500 _aNa prawach rękopisu.
650 9 _aDynamika
_xzagadnienia
650 9 _aTeoria chaosu
700 1 _aSZCZEPAŃSKI, J.
830 _aPrace Instytutu Podstawowych Problemów Techniki PAN,
_x0208-5658 ;
040 _cBPK
041 0 _aen
080 _a51:531.3
942 _cKS
008 s pl f |000 0 pol
999 _c36229
_d36229
856 _uhttp://koha.tu.koszalin.pl/cgi-bin/koha/opac-detail.pl?biblionumber=36229
_yKatalog online BPK